LIBRARY ONLINE CATALOGUE

It's your choice (Record no. 15520)

MARC details
000 -LEADER
fixed length control field 00457cgm a22001691 4500
001 - CONTROL NUMBER
control field 0000004883
005 - DATE AND TIME OF LATEST TRANSACTION
control field 20151217161725.0
007 - PHYSICAL DESCRIPTION FIXED FIELD--GENERAL INFORMATION
fixed length control field vf cbahou
008 - FIXED-LENGTH DATA ELEMENTS--GENERAL INFORMATION
fixed length control field 070531s xx--- vleng d
040 ## - CATALOGING SOURCE
Original cataloging agency KABU
Transcribing agency KABU
245 00 - TITLE STATEMENT
Title It's your choice
Medium [videorecording] :
260 ## - PUBLICATION, DISTRIBUTION, ETC. (IMPRINT)
Place of publication, distribution, etc. Nairobi :
Name of publisher, distributor, etc. Callister,
Date of publication, distribution, etc. 1995.
300 ## - PHYSICAL DESCRIPTION
Extent 1 videocassette (55 min.) ;
538 ## - SYSTEM DETAILS NOTE
System details note VHS.
908 ## - PUT COMMAND PARAMETER (RLIN)
Put command parameter 070531
Holdings
Withdrawn status Lost status Source of classification or shelving scheme Not for loan Home library Current library Date acquired Total Checkouts Full call number Barcode Date last seen Price effective from Koha item type
    Library of Congress Classification   Kabarak, Main Campus Kabarak, Main Campus 17/12/2015   RA644 .A25I87 c. 1 012817 17/12/2015 17/12/2015 Visual Materials